000 00622 a2200205 4500
005 20240510151109.0
010 _aB-758899
020 _a0198286341
_c275.00
035 _aB-758899
037 _bGift/Unesco
082 _a363.856091724
_21
100 _aDreze, Jean
_966088
245 _aHunger And Public Action/
_cJean Dreze and Amartya Sen
260 _aNew york
_bOxford University Press
_c1989
270 _aNew york
_bNew york
300 _a373 p.
_c24cm (Hb)
700 _aSen, Amartya
_966089
942 _adpl
_cEN
_2ddc
_h363.856091724
_mDre
999 _c202816
_d202816